Subcategory Multiple Choice: Television Quiz Stats

 Plays Quiz Updated Jul 15, 2021

Support Sporcle.
Go Orange.
Score 0/13 Timer 04:00
0 Plays Today
Question Answer Wrong Answers
Star Trek
What is the correct name of the starship used in 'Star Trek'?
USS Enterprise
92.1%
USS Exploration
1.1%
USS Discovery
1.9%
USS Navigation
0.9%
Friends
Which actor from 'Friends' later starred in a titular spin-off?
Matt LeBlanc
86.5%
Jennifer Aniston
3%
David Schwimmer
3%
Courteney Cox
6.2%
South Park
Which character is notorious for being killed in many episodes?
Kenny
84.2%
Cartman
4.5%
Kyle
4.8%
Stan
3.1%
Cast
Who played Sam Malone in 'Cheers'?
Ted Danson
82.1%
Woody Harrelson
5.3%
John Ratzenberger
4.7%
Kelsey Grammer
4.9%
Network
Which TV network was not originally part of the United States' 'Big Three'?
FOX
81.2%
CBS
6.4%
NBC
4.6%
ABC
6.7%
Reality Shows
Which reality show is hosted by Jeff Probst?
Survivor
80.4%
American Idol
4.7%
Project Runway
7.6%
The Apprentice
4.5%
The Office
In which city is the show located?
Scranton, PA
78.3%
Newark, NJ
11.8%
Worcester, MA
3.5%
Evansville, IN
4.6%
TV Characters
Which of these well-known TV characters was NOT portrayed by Ted Danson?
Ron Swanson
71.3%
Sam Malone
6.1%
Dr. John Becker
4.3%
D.B. Russell
14.6%
Sitcom
Which of these sitcoms was set in Minneapolis?
The Mary Tyler Moore Show
69.6%
Frasier
7.7%
Cheers
6.2%
Married...with Children
15.8%
SpongeBob
Which character does not work at the Krusty Krab?
Plankton
63.7%
Squidward
15%
SpongeBob
12.6%
Mr. Krabs
6.4%
The Simpsons
What is the name of the show's yearly Halloween episode series?
Treehouse of Horror
63.1%
Spooky Stories
4.3%
Tales from the Dead
5.1%
Springfield Fright Night
23.3%
TV Show
Which of these TV shows ended in 2015?
Parks and Recreation
55.4%
The Office
34.6%
Modern Family
4.4%
The Big Bang Theory
5.4%
Doctor Who
Which actor portrayed The Doctor for 7 seasons, longer than any other actor?
Tom Baker
35.8%
Matt Smith
8.5%
William Hartnell
12.8%
David Tennant
38.2%

You're not logged in!

Compare scores with friends on all Sporcle quizzes.
OR
Log In
Forgot?

From the Vault

Seven Word Hints for Seven Letter Films

by DarkPhalanx

Unfortunately, Se7en has only five letters, so we gave Freeman and Pitt a break.
Remove Ads.
Support Sporcle.
Get the best of Sporcle when you Go Orange. This ad-free experience offers more features, more stats, and more fun while also helping to support Sporcle. Thank you for becoming a member.

Show Comments

Extras

Top Quizzes Today


Score Distribution

Your Account Isn't Verified!

In order to create a playlist on Sporcle, you need to verify the email address you used during registration. Go to your Sporcle Settings to finish the process.

Report this User

Report this user for behavior that violates our Community Guidelines.

Details: